Les 50 arrivées les plus chers de l'histoire du Fc Barcelone - Statistiques

Statistiques générales
  • Ce quiz a été pris 275 fois
  • Le résultat moyen est 25 sur 50
Statistiques - réponses
Nationalité Provenance Prix Réponse % Correct
France Atlético Madrid 120M Griezmann
99%
Brésil Santos 88M Neymar
99%
France Dortmund 135M Dembélé
98%
Uruguay Liverpool 82M Suarez
98%
Suède Inter Milan 69M Ibrahimovic
97%
Pays-Bas Ajax Amsterdam 86M De Jong
96%
Brésil Liverpool 135M Coutinho
94%
Pologne Bayern Munich 45M Lewandowski
93%
Brésil Leeds 58M Raphinha
87%
Bosnie Juventus 60M Pjanic
86%
France Séville 50M Koundé
85%
Espagne Manchester City 55M Ferran Torres
77%
Brésil Bordeaux 41M Malcom
77%
Croate Séville 18m Rakitic
67%
Chili Bayern Munich 18M Vidal
63%
Cameroun Majorque 27M Eto'o
62%
Brésil PSG 33M Ronaldinho
62%
Turquie Atlético Madrid 34M Turan
59%
France Lyon 25M Umtiti
59%
Espagne Valence 40M David Villa
58%
France Séville 36M Lenglet
57%
France Arsenal 24M Henry
56%
Brésil Guanghzou 40M Paulinho
56%
Chili Udinese 26M Sanchez
56%
Brésil Seville 35M Alves
51%
Argentine Liverpool 20M Mascherano
49%
Espagne Arsenal 34M Fabregas
47%
Espagne Las Palmas 22M Pedri
46%
France Valence 20M Matthieu
42%
Cameroun Arsenal 19M Song
40%
Portugal Benfica 36M Semedo
38%
Brésil Gremio 31M Arthur
36%
Espagne Athletico Paranense 40M Roque
36%
Belge Arsenal 19M Vermaelen
36%
Portugal Valence 37M Gomes
34%
Danemark Leganes 18M Braithwaite
31%
Brésil Deportivo La Corogne 23M Rivaldo
31%
Portugal Braga 31M Trincao
29%
Portugal Porto 21M Deco
24%
Pays-Bas Ajax 21M Dest
22%
Espagne Valence 30M Alcacer
13%
Brésil Valence 26M Neto
13%
Argentine River Plate 36M Saviola
13%
Espagne Bétis 20M Firpo
10%
Pays-Bas Arsenal 29M Overmars
9%
Argentine Real Saragosse 20M Milito
6%
Ukraine Shakthar 25M Chygrynskyi
3%
Espagne Valence 21M Lopez
3%
Brésil Monaco 26M Andeson
1%
Brésil Cruzeiro 20M Geovanni
1%
Aucun quiz correspondant
Distribution des résultats
% des personnes avec chaque résultat
Percentile par nombre de réponses
Votre historique - résultats
Vous n’avez pas pris ce quiz